000 00429nam a2200145Ia 4500
008 230917s9999||||xx |||||||||||||| ||und||
040 _e124910
_aMAIN
041 _aEnglish
082 _a362.21 W726I
100 _aWing, J K
245 0 _aInstitutionalism and schizophrenia; a compartive study of three mental hospitals 1960-1968
260 _aCambridge
_bCambridge University Press
_c1970
300 _a260p. p.
942 _cBK
999 _c204516
_d204516